|
|
|
|
| LEADER |
00685nab a2200193 i 4500 |
| 001 |
acta4750 |
| 005 |
20250801112758.0 |
| 008 |
161015s2000 hu o 000 hun d |
| 040 |
|
|
|a SZTE Egyetemi Kiadványok Repozitórium
|b hun
|
| 041 |
|
|
|a hun
|
| 100 |
1 |
|
|a Balogh Zsuzsanna
|
| 245 |
1 |
0 |
|a Békés
|h [elektronikus dokumentum] /
|c Balogh Zsuzsanna
|
| 260 |
|
|
|a Belvedere Meridionale
|b Szeged
|c 2000
|
| 300 |
|
|
|a 63-66
|
| 490 |
0 |
|
|a Belvedere Meridionale
|v 12 No. 1-2
|
| 650 |
|
4 |
|a Bölcsészettudományok
|
| 650 |
|
4 |
|a Történettudomány és régészet
|
| 695 |
|
|
|a Békés vármegye története
|
| 856 |
4 |
0 |
|u http://acta.bibl.u-szeged.hu/4750/1/belvedere_2000_001_002_063-066.pdf
|z Dokumentum-elérés
|